Основы статистического анализа в медицине (Запись № 967019)

Подробности
000 -МАРКЕР
контрольное поле 01783nam0a2200337 4500
001 - ИДЕНТИФИКАТОР ЗАПИСИ
контрольное поле RU\NLR\bibl\473474
005 - ИДЕНТИФИКАТОР ВЕРСИИ
контрольное поле 20260405114051.0
010 ## - МЕЖДУНАРОДНЫЙ СТАНДАРТНЫЙ НОМЕР КНИГИ (ISBN)
Номер (ISBN) 5-9273-0411-7
Тираж 1000
021 ## - НОМЕР ГОСУДАРСТВЕННОЙ РЕГИСТРАЦИИ
Код страны Российская Федерация
Номер 2004-6074
Номер Листа государственной регистраци 313
035 ## - ДРУГИЕ СИСТЕМНЫЕ НОМЕРА
Идентификатор записи (NLR Aleph) 000466561
100 ## - ДАННЫЕ ОБЩЕЙ ОБРАБОТКИ
Данные общей обработки 20031218d2003 |||y0rusy50 ca
101 0# - ЯЗЫК РЕСУРСА
Язык текста, звукозаписи и т.д. русский
102 ## - СТРАНА ПУБЛИКАЦИИ ИЛИ ПРОИЗВОДСТВА
Страна публикации Российская Федерация
105 ## - ПОЛЕ КОДИРОВАННЫХ ДАННЫХ: ТЕКСТОВЫЕ МАТЕРИАЛЫ, МОНОГРАФИЧЕСКИЕ
Кодированные данные о монографическом текстовом документе a |||||||||
200 1# - ЗАГЛАВИЕ И СВЕДЕНИЯ ОБ ОТВЕТСТВЕННОСТИ
Основное заглавие Основы статистического анализа в медицине
Сведения, относящиеся к заглавию Учеб. пособие
-- Для студентов мед. вузов
Первые сведения об ответственности Чернов В.И., Есауленко И.Э., Семенов С.Н., Сереженко Н.П.
Последующие сведения об ответственности М-во здравоохранения РФ, Воронеж. гос. мед. акад. им. Н.Н. Бурденко
210 ## - ПУБЛИКАЦИЯ, РАСПРОСТРАНЕНИЕ И ДР.
Место издания, распространения и т.д. Воронеж
Имя издателя, распространителя и т. д. Б.и.
Дата издания, распространения и т.д. 2003
215 ## - ФИЗИЧЕСКАЯ ХАРАКТЕРИСТИКА
Специфическое обозначение материала и объем 112 с.
Другие сведения о физической характеристике ил.
Размеры 21
320 ## - ПРИМЕЧАНИЯ О НАЛИЧИИ В ДОКУМЕНТЕ БИБЛИОГРАФИИ / УКАЗАТЕЛЯ
Текст примечания Библиогр.: с. 108
606 0# - НАИМЕНОВАНИЕ ТЕМЫ КАК ПРЕДМЕТ
Наименование темы Статистические методы в медицине
Формальный подзаголовок Руководства, пособия и т.п.
Системный номер авторитетной/нормативной записи 1581215
Идентификатор авторитетной/нормативной записи RU\NLR\auth\66693957
606 0# - НАИМЕНОВАНИЕ ТЕМЫ КАК ПРЕДМЕТ
Наименование темы Медицина
Формальный подзаголовок Учебные издания для высших учебных заведений
Тематический подзаголовок Статистические методы
Системный номер авторитетной/нормативной записи 2161209
Идентификатор авторитетной/нормативной записи RU\NLR\auth\661300654
686 ## - ИНДЕКСЫ ДРУГИХ КЛАССИФИКАЦИЙ
Индекс Р.в647я73
701 #1 - ИМЯ ЛИЦА - АЛЬТЕРНАТИВНАЯ ОТВЕТСТВЕННОСТЬ
Код отношения Автор
Материалы, к которым относится поле rus
Графика поля Кириллица
Начальный элемент ввода Чернов
Часть имени, кроме начального элемента ввода В. И.
Дополнения к именам, кроме дат д-р мед. наук, мед. информатика
Расширение инициалов личного имени Виктор Иванович
Идентификатор авторитетной/нормативной записи RU\NLR\auth\7739216
Системный номер авторитетной/нормативной записи 22200
701 #1 - ИМЯ ЛИЦА - АЛЬТЕРНАТИВНАЯ ОТВЕТСТВЕННОСТЬ
Начальный элемент ввода Есауленко
Часть имени, кроме начального элемента ввода И. Э.
Код отношения Автор
701 #1 - ИМЯ ЛИЦА - АЛЬТЕРНАТИВНАЯ ОТВЕТСТВЕННОСТЬ
Код отношения Автор
Материалы, к которым относится поле rus
Графика поля Кириллица
Начальный элемент ввода Семенов
Часть имени, кроме начального элемента ввода С. Н.
Дополнения к именам, кроме дат канд. мед. наук
Расширение инициалов личного имени Сергей Николаевич
Идентификатор авторитетной/нормативной записи RU\NLR\auth\7744657
Системный номер авторитетной/нормативной записи 27597
701 #1 - ИМЯ ЛИЦА - АЛЬТЕРНАТИВНАЯ ОТВЕТСТВЕННОСТЬ
Начальный элемент ввода Сереженко
Часть имени, кроме начального элемента ввода Н. П.
Код отношения Автор
801 #0 - ИСТОЧНИК ЗАПИСИ
Страна Российская Федерация
Организация NLR
Дата составления 20031218
Правила каталогизации PSBO
801 #1 - ИСТОЧНИК ЗАПИСИ
Страна Российская Федерация
Организация NLR
Дата составления 20031218
942 ## - ДОПОЛНИТЕЛЬНЫЕ ЭЛЕМЕНТЫ ЗАПИСИ (АБИС)
Тип экземпляра АБИС Книга
980 ## - КОЛЛЕКЦИЯ
Название коллекции Национальная библиография
Экземпляры
Тип экземпляра Дата поступления Источник поступления Библиотека постоянного хранения Библиотека текущего хранения Место хранения Шифр хранения Штрих-код Статус экземпляра
Книга 18.12.2003 Дар РНБ (Московский) РНБ (Московский) Русский книжный фонд: издания с 1957 года 2003-3/29905 608346  
Книга 12.07.2004 Обязательный экземпляр РНБ (Московский) РНБ (Московский) Русский книжный фонд: издания с 1957 года 2003-3/29905 722728